00590nam a22001577a 4500003000400000005001700004008004100021040001800062100003900080245012000119260002300239650007700262650002200339700002700361856004400388OSt20240902112117.0240902b ||||| |||| 00| 0 eng d cAIMIT LIBRARY aDsouza, Jenifer Michelle.e2216075 aFinancial performance of karnataka soaps and detergent ltd /cBy Jenifer Michelle Dsouza ; Guided by Rowena Wright. aBengaluru ;c2024. aIndustry profile company profile and theoretical background of the study aLiterature review aWright, Rowena.eGuide 3Karnataka soaps and detergents limited